00911nam a2200217 a 450000100100000000500170001000800410002704000250006808200290009310000350012224000190015724501210017626000520029730000200034959000270036965100630039665100570045991000370051695201230055399900170067600003169220200930063116.0100217s1998 dr 000 0 spa d aDO-SdBNPbspacBNPHU a342.7293023bR426c, 19981 aRepública Dominicana.93584310aConstitución10aConstitución de la República Dominicana :bpuesta en vigor en Santo Domingo el día 4 de agosto del año 1994. aMoca, República Dominicana :bDalís,c1998. a28 p. ;c21 cm. aInventariado, 2018/ YL 4aRepública DominicanaxConstitución (1994{Rpara}935348 4aRepública DominicanaxDerecho Constitucional99303 aValidado. Control de calidad EMS 0010718PDaPDbPDcHDd2011-06-30iLF1l0o342.023 R426c, 1998p31692-10r2020-06-25w2020-06-25yLFPDZNo se presta c31184d31184